000
00318nam a2200145Ia 4500
100
_a
Kumbhojkar/G.v
942
_c
BK
366
_f
20
654
_a
applied mathematics
245
_a
Applied Mathematics II
260
_b
C.Jamnadas and Co.
_a
Pune
_c
2008
082
_a
511/KUM
_b
KUM
546
_a
ENGLISH
999
_c
33705
_d
33705